000 00304 a2200145 4500
001 58581
020 _a
040 _cAnchieta - Pituba
100 _aAzevedo, Artur
240 1 0 _aContos escolhidos
_lpor
245 1 0 _aContos escolhidos
300 _a158
650 4 _aFicção brasileira
942 _cBK
999 _c58581
_d58581